[Event "SV Ibbenbüren 1 - Südlohner SV 2"]
[Site "Verbandsliga 2019/2020"]
[Date "2019.11.30"]
[Round "4.2"]
[White "Welp, Michael"]
[Black "Emming, Benedikt"]
[Result "1-0"]
[WhiteElo "1887"]
[BlackElo "1831"]
[PlyCount "73"]
[EventDate "2019.??.??"]
[SourceDate "2019.09.14"]

1. d4 Nf6 2. Nf3 e6 3. c4 c5 4. g3 d5 5. cxd5 Nxd5 6. Bg2 Nc6 7. O-O Bd7 8. Re1
Be7 9. e4 Nf6 10. d5 Nb4 11. a3 Na6 12. Nc3 Qb6 13. Ne5 O-O 14. Nxd7 Nxd7 15.
dxe6 Qxe6 16. Qd5 Qxd5 17. exd5 Bf6 18. Bf4 Bxc3 19. bxc3 Rfe8 20. d6 Rxe1+ 21.
Rxe1 Rd8 22. Bxb7 Nab8 23. Bd5 Nb6 24. Bg5 Rf8 25. Bb7 N8d7 26. Re7 h6 27. Be3
Rd8 28. Bc6 Nb8 29. Re8+ Rxe8 30. Bxe8 N8d7 31. Kg2 Kf8 32. Bxd7 Nxd7 33. Kf3
f5 34. g4 fxg4+ 35. Ke4 Kf7 36. Kd5 Nf6+ 37. Kc6 1-0

[Event "SV Ibbenbüren 1 - Südlohner SV 2"]
[Site "Verbandsliga 2019/2020"]
[Date "2019.11.30"]
[Round "4.3"]
[White "Sparwel, Oliver"]
[Black "Langer, Ralf"]
[Result "1/2-1/2"]
[WhiteElo "1945"]
[BlackElo "1749"]
[PlyCount "85"]
[EventDate "2019.??.??"]
[SourceDate "2019.09.14"]

1. d4 d5 2. c4 e6 3. Nf3 c6 4. e3 f5 5. Nc3 Nf6 6. Bd3 Be7 7. Rb1 Ne4 8. Qc2
Nd7 9. b4 Ndf6 10. c5 Bd7 11. O-O Nxc3 12. Qxc3 Ne4 13. Qc2 O-O 14. Ne5 Bf6 15.
f3 Bxe5 16. fxe4 fxe4 17. Rxf8+ Qxf8 18. Bxe4 Bxh2+ 19. Kxh2 dxe4 20. Qxe4 Qf7
21. Bd2 Qh5+ 22. Kg1 Rf8 23. Rf1 Rxf1+ 24. Kxf1 Qf5+ 25. Qf4 g5 26. Qf3 g4 27.
Qf4 Qxf4+ 28. exf4 Kf7 29. Ke2 Kf6 30. Ke3 Kf5 31. Be1 Be8 32. Bh4 Bd7 33. Bd8
Be8 34. Bc7 Bd7 35. Bb8 a6 36. Be5 Be8 37. Kd3 h5 38. g3 Bf7 39. a3 Be8 40. Bc7
Bf7 41. Bd8 Be8 42. Be7 Bf7 43. Bd8 1/2-1/2

[Event "SV Ibbenbüren 1 - Südlohner SV 2"]
[Site "Verbandsliga 2019/2020"]
[Date "2019.11.30"]
[Round "4.4"]
[White "Werremeyer, Achim"]
[Black "Schmeing, Walter"]
[Result "1/2-1/2"]
[WhiteElo "1712"]
[BlackElo "1962"]
[PlyCount "76"]
[EventDate "2019.??.??"]
[SourceDate "2019.09.14"]

1. Nf3 d5 2. d4 Nf6 3. c4 e6 4. Nc3 c6 5. cxd5 exd5 6. Bg5 Be7 7. Qc2 O-O 8. e3
Ne4 9. Bxe7 Qxe7 10. Bd3 Re8 11. O-O Nd7 12. b4 Ndf6 13. b5 Qb4 14. Na4 cxb5
15. Nc5 Nxc5 16. dxc5 Bd7 17. Rfb1 Qa5 18. Nd4 Rec8 19. Bxb5 Qc7 20. Rc1 Bc6
21. Rab1 g6 22. h3 Nd7 23. Bxc6 bxc6 24. Qa4 Ne5 25. Qa6 Rab8 26. Rb3 Nd7 27.
Rxb8 Nxb8 28. Qa4 Qb7 29. Qb3 Qa6 30. Rb1 Nd7 31. Qc2 Rb8 32. Rxb8+ Nxb8 33.
Qb2 Nd7 34. Nb3 Qb5 35. Qa3 a6 36. Nd4 Qxc5 37. Qxc5 Nxc5 38. Nxc6 Kf8 1/2-1/2

[Event "SV Ibbenbüren 1 - Südlohner SV 2"]
[Site "Verbandsliga 2019/2020"]
[Date "2019.11.30"]
[Round "4.5"]
[White "Loesing, Henrik"]
[Black "Sivakumaran, Methunraj"]
[Result "1-0"]
[WhiteElo "1892"]
[BlackElo "1631"]
[PlyCount "81"]
[EventDate "2019.??.??"]
[SourceDate "2019.09.14"]

1. d4 Nf6 2. Bf4 d5 3. e3 Bf5 4. Nf3 Nbd7 5. Be2 c5 6. c3 e6 7. Nbd2 h6 8. O-O
a6 9. h3 Be7 10. Re1 O-O 11. Nf1 Ne4 12. N3d2 Ndf6 13. f3 Nxd2 14. Qxd2 c4 15.
Ng3 Bh7 16. e4 b5 17. Bd1 Qb6 18. Bc2 Rfe8 19. e5 Nd7 20. Be3 b4 21. f4 bxc3
22. bxc3 Qa5 23. Rab1 Bxc2 24. Qxc2 Bh4 25. Bf2 Nb6 26. Re3 Rab8 27. Be1 Rb7
28. f5 Bxg3 29. Rxg3 exf5 30. Qxf5 Qxa2 31. Qf6 g6 32. Rxb6 Rxb6 33. Qxb6 a5
34. Rxg6+ fxg6 35. Qxg6+ Kf8 36. Qxh6+ Ke7 37. Bh4+ Kd7 38. Qd6+ Kc8 39. Qc6+
Kb8 40. Qxe8+ Kb7 41. Qd7+ 1-0

[Event "SV Ibbenbüren 1 - Südlohner SV 2"]
[Site "Verbandsliga 2019/2020"]
[Date "2019.11.30"]
[Round "4.6"]
[White "Bloem, Markus"]
[Black "Harbers, Gerard"]
[Result "1/2-1/2"]
[WhiteElo "1514"]
[BlackElo "1876"]
[PlyCount "61"]
[EventDate "2019.??.??"]
[SourceDate "2019.09.14"]

1. d4 Nf6 2. g3 g6 3. Bg2 d5 4. Nf3 Bg7 5. O-O O-O 6. Bf4 Nbd7 7. Nbd2 Nh5 8.
Be3 e5 9. dxe5 Nxe5 10. c3 c6 11. Bd4 Nxf3+ 12. Nxf3 Qe7 13. Qd2 Nf6 14. Bxf6
Bxf6 15. Qf4 Re8 16. Rfe1 g5 17. Qd2 Bf5 18. Nd4 Bg6 19. Rad1 Rad8 20. Qc1 h6
21. Bh3 Qe5 22. Bg2 Kh7 23. Nf3 Qe7 24. Nd4 Bg7 25. Qd2 Qc7 26. Bh3 Qe5 27. Nf3
Qf6 28. Qd4 Qe7 29. Qd2 c5 30. e3 Be4 31. Bg2 1/2-1/2

[Event "SV Ibbenbüren 1 - Südlohner SV 2"]
[Site "Verbandsliga 2019/2020"]
[Date "2019.11.30"]
[Round "4.7"]
[White "Richters, Alfred"]
[Black "Klausmeier, Achim"]
[Result "0-1"]
[WhiteElo "1840"]
[BlackElo "1605"]
[PlyCount "76"]
[EventDate "2019.??.??"]
[SourceDate "2019.09.14"]

1. d4 Nf6 2. Nc3 d5 3. Bg5 e6 4. e4 dxe4 5. Nxe4 Be7 6. Bxf6 Bxf6 7. Nf3 O-O 8.
c3 Be7 9. Bd3 Nd7 10. Qe2 Nf6 11. O-O-O Nxe4 12. Qxe4 g6 13. Kb1 Qd5 14. Qe3 c5
15. Be4 cxd4 16. Rxd4 Qc5 17. Qf4 e5 18. Nxe5 Be6 19. Nd3 Qa5 20. c4 Qb6 21.
Bd5 Bg5 22. Qe5 Bf5 23. c5 Qf6 24. Ka1 Rae8 25. Bxf7+ Kxf7 26. Qxf6+ Bxf6 27.
Rd6 Rd8 28. Nb4 Rxd6 29. cxd6 Ke6 30. a4 a5 31. Na2 Kxd6 32. Rc1 Rc8 33. Nc3
Bxc3 34. bxc3 Kc5 35. Kb2 Re8 36. Rf1 Kc4 37. h3 Re2+ 38. Ka3 Rc2 0-1

[Event "SV Ibbenbüren 1 - Südlohner SV 2"]
[Site "Verbandsliga 2019/2020"]
[Date "2019.11.30"]
[Round "4.8"]
[White "Hartmann, Eugen"]
[Black "Boecker, Manfred"]
[Result "1/2-1/2"]
[WhiteElo "1783"]
[BlackElo "1820"]
[PlyCount "76"]
[EventDate "2019.??.??"]
[SourceDate "2019.09.14"]

1. d4 Nf6 2. Bf4 d6 3. Nf3 g6 4. e3 Bg7 5. Bd3 O-O 6. Nbd2 Nbd7 7. c3 a6 8. Qc2
c5 9. h4 b5 10. h5 c4 11. Nxc4 bxc4 12. Bxc4 d5 13. Bd3 Ne4 14. hxg6 hxg6 15.
Bxe4 dxe4 16. Qxe4 Ra7 17. Bg5 Re8 18. Qh4 Nf8 19. Bh6 f6 20. Bxg7 Kxg7 21.
Qh8+ Kf7 22. O-O-O Qd5 23. e4 Qxe4 24. Rh4 Bg4 25. Nh2 f5 26. Nf3 Qf4+ 27. Kb1
Rb8 28. Ne5+ Ke8 29. f3 Rab7 30. Qxf8+ Kxf8 31. Nxg6+ Kf7 32. Nxf4 Rxb2+ 33.
Ka1 Rc2 34. Rb1 Rc8 35. fxg4 R8xc3 36. Nd5 Ra3 37. Rb2 Rc1+ 38. Rb1 Rc2 1/2-1/2

[Event "SF Olfen 1 - SK Gescher 1"]
[Site "Verbandsliga 2019/2020"]
[Date "2019.11.30"]
[Round "4.1"]
[White "Scho, Christian"]
[Black "Koke, Christoph"]
[Result "1-0"]
[WhiteElo "2072"]
[BlackElo "2109"]
[PlyCount "59"]
[EventDate "2019.??.??"]
[SourceDate "2019.09.14"]

1. d4 e6 2. Nf3 Nf6 3. Bg5 c5 4. e3 Qb6 5. Qc1 Ne4 6. Bf4 d5 7. Bd3 Bd7 8. O-O
Bb5 9. Na3 Ba6 10. c4 Nc6 11. Nb5 Rc8 12. Qb1 cxd4 13. exd4 Bxb5 14. cxb5 Nxd4
15. Nxd4 Qxd4 16. Be3 Qe5 17. f4 Qb8 18. Bxe4 dxe4 19. Qxe4 Be7 20. f5 e5 21.
Rad1 b6 22. Qg4 Bf6 23. Bg5 Qc7 24. Rc1 Qd7 25. Rxc8+ Qxc8 26. Rc1 Qd8 27. Bxf6
gxf6 28. h3 h5 29. Qg7 Rf8 30. Kh2 1-0

[Event "SF Olfen 1 - SK Gescher 1"]
[Site "Verbandsliga 2019/2020"]
[Date "2019.11.30"]
[Round "4.2"]
[White "Boesel, Alexander"]
[Black "Lanfer, Stefan"]
[Result "1/2-1/2"]
[WhiteElo "2068"]
[BlackElo "1772"]
[PlyCount "86"]
[EventDate "2019.??.??"]
[SourceDate "2019.09.14"]

1. e4 c6 2. d4 d5 3. Nd2 e6 4. Ngf3 Nd7 5. Bd3 h6 6. e5 c5 7. c3 c4 8. Bc2 Ne7
9. Nf1 Nb6 10. Ng3 Bd7 11. Nh5 Ng8 12. g3 Qe7 13. O-O O-O-O 14. b4 Be8 15. Re1
g6 16. Nf4 g5 17. Nh5 f5 18. exf6 Nxf6 19. Nxf6 Qxf6 20. Ne5 Bd6 21. Qe2 Bxe5
22. Qxe5 Qxe5 23. Rxe5 Bf7 24. f4 Nd7 25. Re2 gxf4 26. Bxf4 Rdg8 27. Rae1 h5
28. Rf2 h4 29. Re3 Rg7 30. a4 hxg3 31. Rxg3 Rxg3+ 32. hxg3 Rg8 33. Kg2 Bg6 34.
Bxg6 Rxg6 35. Be5 Rg4 36. Bd6 Re4 37. Rf3 e5 38. dxe5 Nxe5 39. Bxe5 Rxe5 40. g4
Re4 41. Kg3 Kd7 42. Rf4 Re3+ 43. Rf3 Re4 1/2-1/2

[Event "SF Olfen 1 - SK Gescher 1"]
[Site "Verbandsliga 2019/2020"]
[Date "2019.11.30"]
[Round "4.3"]
[White "Lanfer, Stefanie"]
[Black "Beutelhoff, Josef"]
[Result "1-0"]
[WhiteElo "1882"]
[BlackElo "1941"]
[PlyCount "49"]
[EventDate "2019.??.??"]
[SourceDate "2019.09.14"]

1. e4 d6 2. d4 Nf6 3. Nc3 g6 4. f3 Bg7 5. Be3 O-O 6. Qd2 e5 7. Nge2 exd4 8.
Nxd4 a6 9. h4 d5 10. e5 Nh5 11. Bg5 f6 12. exf6 Bxf6 13. O-O-O Bxg5 14. hxg5
Ng3 15. Rh6 Nc6 16. Nxc6 bxc6 17. Bd3 Bf5 18. Bxf5 Nxf5 19. Rh3 Nd6 20. b3 Qe7
21. Re1 Qd7 22. Reh1 Rf7 23. Nxd5 cxd5 24. Qxd5 c6 25. Rxh7 1-0

[Event "SF Olfen 1 - SK Gescher 1"]
[Site "Verbandsliga 2019/2020"]
[Date "2019.11.30"]
[Round "4.4"]
[White "Pinno, Gregor"]
[Black "Brands, Julian"]
[Result "1-0"]
[WhiteElo "1838"]
[BlackElo "1736"]
[PlyCount "63"]
[EventDate "2019.??.??"]
[SourceDate "2019.09.14"]

1. Nf3 Nf6 2. g3 g6 3. Bg2 Bg7 4. O-O d5 5. d3 O-O 6. Nbd2 Bf5 7. Qe1 Qd7 8. e4
dxe4 9. dxe4 Bh3 10. Qe2 Bxg2 11. Kxg2 Nc6 12. Nb3 Qg4 13. Re1 Rfd8 14. h3 Qc8
15. e5 Nd5 16. a3 e6 17. Bg5 Re8 18. c4 Nb6 19. Nc5 Nd7 20. Nxd7 Qxd7 21. Rad1
Qc8 22. Bh4 Ne7 23. g4 c5 24. Rd6 Qc7 25. Red1 Nc6 26. Qe3 Qb6 27. R1d2 Bf8 28.
Rd7 Na5 29. Qf4 f5 30. exf6 Kh8 31. f7 e5 32. fxe8=Q 1-0

[Event "SF Olfen 1 - SK Gescher 1"]
[Site "Verbandsliga 2019/2020"]
[Date "2019.11.30"]
[Round "4.5"]
[White "Hisker, Frank"]
[Black "Preuss, Richard"]
[Result "0-1"]
[WhiteElo "1770"]
[BlackElo "1733"]
[PlyCount "30"]
[EventDate "2019.??.??"]
[SourceDate "2019.09.14"]

1. e4 e6 2. d4 d5 3. exd5 exd5 4. Nf3 Bd6 5. Bd3 Ne7 6. O-O O-O 7. Bxh7+ Kxh7
8. Ng5+ Kg8 9. Qh5 Bf5 10. f4 f6 11. Nf3 Bxc2 12. g4 Qe8 13. Qh3 Qg6 14. Nc3
Bf5 15. Nh4 Qxg4+ 0-1

[Event "SF Olfen 1 - SK Gescher 1"]
[Site "Verbandsliga 2019/2020"]
[Date "2019.11.30"]
[Round "4.6"]
[White "Boenigk, Winfried"]
[Black "Iking, Bernhard"]
[Result "0-1"]
[WhiteElo "1760"]
[BlackElo "1748"]
[PlyCount "60"]
[EventDate "2019.??.??"]
[SourceDate "2019.09.14"]

1. d4 Nf6 2. c4 c5 3. d5 b5 4. cxb5 a6 5. e3 axb5 6. Bxb5 Qa5+ 7. Nc3 Ba6 8.
Bxa6 Nxa6 9. Nge2 g6 10. O-O Bg7 11. Bd2 O-O 12. a3 Rfb8 13. Rb1 c4 14. e4 Qc7
15. Bf4 d6 16. Qc2 Nc5 17. Be3 Nb3 18. Nd4 Ng4 19. Nc6 Rb7 20. Qe2 Ne5 21. Nb4
Nc5 22. Bxc5 dxc5 23. Nba2 Qb8 24. Rfc1 Nd3 25. Rc2 Bd4 26. Nd1 Ne5 27. Nac3 h5
28. h3 Rb3 29. Ne3 Bxc3 30. Nxc4 Nxc4 0-1

[Event "SF Olfen 1 - SK Gescher 1"]
[Site "Verbandsliga 2019/2020"]
[Date "2019.11.30"]
[Round "4.7"]
[White "Robers, Frank"]
[Black "Limberg, Thomas"]
[Result "0-1"]
[WhiteElo "1644"]
[BlackElo "1700"]
[PlyCount "83"]
[EventDate "2019.??.??"]
[SourceDate "2019.09.14"]

1. e4 e6 2. Qe2 e5 3. Nf3 Nc6 4. g3 Nf6 5. d3 d6 6. Bg2 Be7 7. O-O Bg4 8. c3
Qd7 9. Nbd2 h5 10. Nc4 h4 11. Bg5 hxg3 12. fxg3 Nh7 13. Bxe7 Nxe7 14. Qe3 Bh3
15. Rf2 Bxg2 16. Rxg2 Nf6 17. d4 Ng4 18. Qd3 f6 19. a4 a5 20. b3 b6 21. Rd1 Nc6
22. Rgd2 O-O-O 23. d5 Ne7 24. Ra1 f5 25. Ng5 Rh5 26. Ne6 Rdh8 27. Raa2 f4 28.
gxf4 exf4 29. Nxf4 Nxh2 30. Nxh5 Qg4+ 31. Rg2 Nf3+ 32. Kf2 Qxg2+ 33. Kxg2 Ne1+
34. Kg3 Nxd3 35. Rd2 Nc5 36. Kg4 Nxe4 37. Re2 Rxh5 38. Rxe4 Nxd5 39. Re8+ Kd7
40. Rf8 Rh7 41. Kf5 Ne7+ 42. Kf4 0-1

[Event "SF Olfen 1 - SK Gescher 1"]
[Site "Verbandsliga 2019/2020"]
[Date "2019.11.30"]
[Round "4.8"]
[White "Heimann, Karsten"]
[Black "Hanses, Ralf"]
[Result "1/2-1/2"]
[WhiteElo "1657"]
[BlackElo "1560"]
[PlyCount "44"]
[EventDate "2019.??.??"]
[SourceDate "2019.09.14"]

1. e4 e6 2. d4 d5 3. exd5 exd5 4. Bd3 Nf6 5. Nf3 Bd6 6. O-O O-O 7. Re1 Bg4 8.
Bg5 Nbd7 9. h3 Be6 10. b3 c5 11. c4 Qb6 12. cxd5 Bxd5 13. dxc5 Qxc5 14. Be3 Qc6
15. Nbd2 b6 16. Rc1 Qb7 17. Bc4 Bb4 18. Bxd5 Nxd5 19. Bd4 N7f6 20. Qc2 Ba3 21.
Rcd1 Bb4 22. Qf5 Qc8 1/2-1/2